[Event "Bekasi Scua op 2nd"]
[Site "Bekasi"]
[Date "2022.04.14"]
[Round "2"]
[White "Aurellia, Vania Winanda"]
[Black "Supriyanto, Tommy"]
[Result "1/2-1/2"]
[WhiteElo "1733"]
[BlackElo "2030"]
[PlyCount "87"]
[EventDate "2022.04.13"]
[EventType "swiss"]
[EventRounds "9"]
[EventCountry "INA"]
[SourceTitle "EXT 2023"]
[Source "ChessBase"]
[SourceDate "2022.10.05"]
[SourceVersion "1"]
[SourceVersionDate "2022.10.05"]
[SourceQuality "1"]

1. e4 g6 2. d4 Bg7 3. Nc3 c6 4. Bc4 d6 5. Nf3 Nf6 6. Bb3 0-0 7. 0-0 a5 8. a4 Qc7 9. h3 e5 10. Be3 Re8 11. Ng5 Re7 12. f4 Nbd7 13. dxe5 dxe5 14. f5 b6 15. Qe1 Ba6 16. Rf3 Rb8 17. Qg3 b5 18. Nxf7 Rxf7 19. fxg6 hxg6 20. Qxg6 Nf8 21. Qg3 bxa4 22. Bxf7+ Qxf7 23. Nxa4 N8h7 24. Nc5 Be2 25. Rf2 Bh5 26. Qxe5 Re8 27. Qg3 Qg6 28. Qxg6 Bxg6 29. e5 Rxe5 30. Bd4 Re8 31. c3 Ne4 32. Rf4 Nxc5 33. Bxc5 Ra8 34. Rfa4 Rb8 35. Rxa5 Rxb2 36. Ra8+ Nf8 37. Rf1 Bf7 38. Bb4 c5 39. Bxc5 Rxg2+ 40. Kxg2 Bd5+ 41. Kg3 Bxa8 42. Bb4 Bd5 43. Rd1 Bb3 44. Re1 1/2-1/2

[Event "Bekasi Scua op 2nd"]
[Site "Bekasi"]
[Date "2022.04.14"]
[Round "3"]
[White "Godam, Eko Hudi Saputra"]
[Black "Aurellia, Vania Winanda"]
[Result "1-0"]
[WhiteElo "2011"]
[BlackElo "1733"]
[PlyCount "67"]
[EventDate "2022.04.13"]
[EventType "swiss"]
[EventRounds "9"]
[EventCountry "INA"]
[SourceTitle "EXT 2023"]
[Source "ChessBase"]
[SourceDate "2022.10.05"]
[SourceVersion "1"]
[SourceVersionDate "2022.10.05"]
[SourceQuality "1"]

1. e4 c5 2. Nf3 Nc6 3. d4 cxd4 4. Nxd4 g6 5. Nc3 Bg7 6. Be3 Nf6 7. Bc4 0-0 8. Bb3 a6 9. f3 b5 10. Qd2 Bb7 11. 0-0-0 Rc8 12. h4 d6 13. Kb1 Na5 14. h5 Nxb3 15. Nxb3 Bc6 16. Bh6 b4 17. Ne2 a5 18. Bxg7 Kxg7 19. hxg6 fxg6 20. Qh6+ Kg8 21. e5 Nh5 22. g4 Bxf3 23. gxh5 Be4 24. hxg6 Bxc2+ 25. Ka1 Bxg6 26. Rdg1 Kf7 27. e6+ Kxe6 28. Nbd4+ Kd5 29. Qh3 Rf6 30. Qb3+ Rc4 31. Ne6 Qc8 32. N2f4+ Ke5 33. Re1+ Be4 34. Rxe4+ 1-0

[Event "Bekasi Scua op 1st"]
[Site "Bekasi"]
[Date "2022.01.16"]
[Round "8"]
[White "Aurellia, Vania Winanda"]
[Black "Supriyanto, Tommy"]
[Result "0-1"]
[WhiteElo "1784"]
[BlackElo "2073"]
[PlyCount "90"]
[EventDate "2022.01.12"]
[EventType "swiss"]
[EventRounds "9"]
[EventCountry "INA"]
[SourceTitle "CBM 206 Extra"]
[Source "ChessBase"]
[SourceDate "2022.03.31"]
[SourceVersion "1"]
[SourceVersionDate "2022.03.31"]
[SourceQuality "1"]

1. e4 g6 2. d4 Bg7 3. Nc3 c6 4. Be3 d6 5. f3 Nd7 6. Qd2 b5 7. a4 b4 8. Na2 a5 9. Bc4 Ngf6 10. Ne2 0-0 11. Nac1 d5 12. exd5 cxd5 13. Bd3 e5 14. dxe5 Nxe5 15. 0-0 Nc4 16. Bxc4 dxc4 17. Rd1 Bb7 18. c3 Qe7 19. Bd4 Rad8 20. Nf4 g5 21. Nfe2 g4 22. fxg4 Nxg4 23. Qf4 f5 24. Rf1 Bh6 25. Qg3 Be3+ 26. Kh1 h5 27. Bxe3 Qxe3 28. Nf4 h4 29. Qxe3 Nxe3 30. Rg1 Rd2 31. h3 Kf7 32. Nce2 Rg8 33. Rae1 Rxb2 34. cxb4 axb4 35. Kh2 Rd2 36. g3 hxg3+ 37. Rxg3 Rd1 38. Rxd1 Nxd1 39. Nd4 Rxg3 40. Kxg3 b3 41. Nb5 b2 42. Na3 Bd5 43. Ne2 c3 44. Nxc3 Nxc3 45. Kf4 Nxa4 0-1

[Event "World Cup U18 Girls Prel"]
[Site "Tornelo INT"]
[Date "2021.08.01"]
[Round "6"]
[White "Aurellia, Vania Winanda"]
[Black "Ramallo Aguilar, Ariadne Ricela"]
[Result "1-0"]
[WhiteElo "1784"]
[BlackElo "1311"]
[PlyCount "99"]
[EventDate "2021.08.01"]
[EventType "swiss (rapid)"]
[EventRounds "10"]
[EventCountry "NET"]
[SourceTitle "EXT 2024"]
[Source "ChessBase"]
[SourceDate "2023.10.10"]
[SourceVersion "1"]
[SourceVersionDate "2023.10.10"]
[SourceQuality "1"]

1. e4 c5 2. Nf3 e6 3. d4 cxd4 4. Nxd4 a6 5. Nc3 Qc7 6. Be2 Nf6 7. 0-0 Nc6 8. Be3 Bb4 9. Na4 Nxe4 10. Nxc6 Qxc6 11. Nb6 Rb8 12. Qd4 Be7 13. Bf3 d5 14. Qxg7 Bf6 15. Qh6 Bd8 16. Bxe4 dxe4 17. Qg7 Rf8 18. Bh6 Be7 19. Nxc8 Rxc8 20. c3 Kd7 21. Qd4+ Kc7 22. Bxf8 Rxf8 23. Rfe1 Rg8 24. Qxe4 Qe8 25. Rad1 Kb8 26. Rd3 h5 27. Red1 Rg4 28. Qf3 Qc8 29. Rd7 Bg5 30. Rxf7 Bh6 31. Rdd7 Rg7 32. Rxg7 Bxg7 33. Rxg7 Ka7 34. Qxh5 Qd8 35. Qf3 Qc8 36. Qxb7+ Qxb7 37. Rxb7+ Kxb7 38. h4 Kc6 39. g4 Kc5 40. h5 Kc4 41. h6 Kd3 42. h7 Kc2 43. h8Q Kxb2 44. Kf1 Kxa2 45. Ke2 a5 46. Kd2 a4 47. Kc2 e5 48. Qb8 a3 49. Qb3+ Ka1 50. Qb1# 1-0

[Event "World Cup U18 Girls Prel"]
[Site "Tornelo INT"]
[Date "2021.08.01"]
[Round "2"]
[White "Ruzic, Pia Marie"]
[Black "Aurellia, Vania Winanda"]
[Result "1/2-1/2"]
[WhiteElo "1932"]
[BlackElo "1784"]
[PlyCount "97"]
[EventDate "2021.08.01"]
[EventType "swiss (rapid)"]
[EventRounds "10"]
[EventCountry "NET"]
[SourceTitle "EXT 2024"]
[Source "ChessBase"]
[SourceDate "2023.10.10"]
[SourceVersion "1"]
[SourceVersionDate "2023.10.10"]
[SourceQuality "1"]

1. c4 c5 2. Nc3 Nc6 3. Nf3 g6 4. e3 Bg7 5. d4 cxd4 6. exd4 d6 7. Be2 Nf6 8. 0-0 0-0 9. d5 Nb8 10. Be3 Nbd7 11. Rc1 b6 12. Nd4 Bb7 13. Qd2 Nc5 14. b4 Nce4 15. Nxe4 Nxe4 16. Qd3 Nf6 17. a3 Qd7 18. Bf3 Rac8 19. b5 Rfe8 20. Nc6 Ba8 21. Rfd1 Qc7 22. Qd2 Nd7 23. Bg4 f5 24. Be2 Ne5 25. Nd4 Qd7 26. a4 Nf7 27. a5 Nd8 28. axb6 axb6 29. Nc6 Qc7 30. Bd4 Bxc6 31. bxc6 e5 32. dxe6 Nxc6 33. Bxg7 Kxg7 34. Qxd6 Qxd6 35. Rxd6 Kf6 36. Bf3 Rxe6 37. Rcd1 Ne5 38. Rxe6+ Kxe6 39. Bd5+ Ke7 40. Re1 Kf6 41. Rb1 Nxc4 42. Bxc4 Rxc4 43. Rxb6+ Ke5 44. g3 Rc1+ 45. Kg2 Rc7 46. Rb5+ Kd4 47. Rb6 Kc5 48. Rb8 Kd5 49. h4 1/2-1/2

[Event "Penang op-B 11th"]
[Site "Penang"]
[Date "2019.12.14"]
[Round "9"]
[White "Tan, Yik Chean"]
[Black "Aurellia, Vania Winanda"]
[Result "0-1"]
[WhiteElo "1517"]
[BlackElo "1929"]
[PlyCount "104"]
[EventDate "2019.12.09"]
[EventType "swiss"]
[EventRounds "9"]
[EventCountry "MAS"]
[SourceTitle "CBM 193 Extra"]
[Source "ChessBase"]
[SourceDate "2020.01.31"]
[SourceVersion "1"]
[SourceVersionDate "2020.01.31"]
[SourceQuality "1"]

1. e4 c5 2. Nf3 Nc6 3. d4 cxd4 4. Nxd4 g6 5. c4 Bg7 6. Be3 Nf6 7. Nc3 Ng4 8. Qxg4 Nxd4 9. Qd1 Ne6 10. Be2 Qa5 11. Qd2 b6 12. Rc1 d6 13. a3 0-0 14. f3 Re8 15. 0-0 Bb7 16. Rc2 Rac8 17. Rfc1 Qe5 18. Rd1 Nc5 19. Bd4 Qxd4+ 20. Qxd4 Bxd4+ 21. Rxd4 Nb3 22. Rd1 Ba6 23. Nd5 Kg7 24. Rc3 Nc5 25. Kf2 Nd7 26. b4 Bb7 27. Ne3 Nf6 28. Rc2 Rc7 29. Rdc1 Rec8 30. Nf1 Nd7 31. Nd2 e6 32. Nb3 Bc6 33. Nd2 Ba4 34. Rc3 Ne5 35. f4 Nd7 36. Bd1 Bxd1 37. Rxd1 d5 38. exd5 exd5 39. Ke3 Nf6 40. Rdc1 d4+ 41. Kxd4 Rd7+ 42. Ke3 Re8+ 43. Ne4 Nxe4 44. R3c2 Nc5+ 45. Kf3 Rd3+ 46. Kf2 Ne4+ 47. Kf1 Rxa3 48. c5 bxc5 49. bxc5 Rc8 50. c6 Rc7 51. Re1 Rc3 52. Rce2 Nf6 0-1

[Event "Penang op-B 11th"]
[Site "Penang"]
[Date "2019.12.13"]
[Round "8"]
[White "Aurellia, Vania Winanda"]
[Black "Sathaseelan, Dinish"]
[Result "1/2-1/2"]
[WhiteElo "1929"]
[BlackElo "1549"]
[PlyCount "72"]
[EventDate "2019.12.09"]
[EventType "swiss"]
[EventRounds "9"]
[EventCountry "MAS"]
[SourceTitle "CBM 193 Extra"]
[Source "ChessBase"]
[SourceDate "2020.01.31"]
[SourceVersion "1"]
[SourceVersionDate "2020.01.31"]
[SourceQuality "1"]

1. e4 c5 2. Nf3 d6 3. d4 cxd4 4. Nxd4 Nf6 5. Nc3 a6 6. Bc4 e6 7. 0-0 Be7 8. Bb3 0-0 9. f4 b5 10. a3 Bb7 11. Qf3 d5 12. e5 Bc5 13. Be3 Qb6 14. Nce2 Ne4 15. c3 f6 16. exf6 Rxf6 17. Ng3 Nxg3 18. Qxg3 Nc6 19. Rad1 Na5 20. Bc2 Nc4 21. Bc1 Raf8 22. Kh1 e5 23. Ne2 Be3 24. b3 Bxc1 25. bxc4 Bxf4 26. Nxf4 exf4 27. Qd3 g6 28. cxd5 Qd6 29. a4 Rf5 30. axb5 axb5 31. Qxb5 Ba6 32. Qc6 Qxc6 33. dxc6 Rc5 34. Bd3 Bxd3 35. Rxd3 Rxc6 36. Rff3 Rfc8 1/2-1/2

[Event "Penang op-B 11th"]
[Site "Penang"]
[Date "2019.12.10"]
[Round "3"]
[White "Noel, Nicolas1"]
[Black "Aurellia, Vania Winanda"]
[Result "0-1"]
[WhiteElo "1492"]
[BlackElo "1929"]
[PlyCount "82"]
[EventDate "2019.12.09"]
[EventType "swiss"]
[EventRounds "9"]
[EventCountry "MAS"]
[SourceTitle "CBM 193 Extra"]
[Source "ChessBase"]
[SourceDate "2020.01.31"]
[SourceVersion "1"]
[SourceVersionDate "2020.01.31"]
[SourceQuality "1"]

1. e4 c5 2. d4 cxd4 3. c3 dxc3 4. Nxc3 Nc6 5. Nf3 g6 6. Bc4 Bg7 7. e5 Nh6 8. 0-0 0-0 9. Bf4 Kh8 10. Qe2 f6 11. Rfd1 fxe5 12. Bxe5 Nxe5 13. Nxe5 Qc7 14. Nf3 e6 15. Nb5 Qb6 16. Nd6 Qxb2 17. Qxb2 Bxb2 18. Rab1 Bg7 19. Nxc8 Raxc8 20. Bf1 Rc7 21. Ng5 Ng4 22. f3 Bh6 23. fxg4 Bxg5 24. Rb3 b6 25. Bb5 d5 26. Re1 e5 27. h4 Be7 28. g3 e4 29. h5 Rc2 30. Re2 Bc5+ 31. Kh1 Rf1+ 32. Kg2 Rxe2+ 33. Kxf1 Rxa2 34. Bc6 Rd2 35. hxg6 hxg6 36. Ke1 e3 37. g5 d4 38. Be4 Kg7 39. Bd3 a5 40. g4 a4 41. Rb1 Rxd3 0-1